00354 2200133 4500001002100000005001500021035002000036245007200056100003800128300001100166260002100177082001000198990001200208INLIS00000000000225820250527024005 a0010-05250005501 aBahasa Inggri Program IPA/IPS /cBadan Penelitian dan Pengeembangan0 aBadan Penelitian dan Pengembangan a34 hlm bDepdiknas,c2003 a025.5 a0712720